Quelques mots de verlan ? - Statistiques

Statistiques générales
  • Ce quiz a été pris 546 fois
    428 depuis la dernière actualisation
  • Le résultat moyen est 38 sur 49
Statistiques - réponses
Mot en verlan Mot d'origine % Correct
A donf A fond
96%
Teubé Bête
94%
Meuf Femme
94%
Zarbi Bizarre
93%
Venère Enervé
93%
Teuf Fête
93%
Ouf Fou
93%
Cimer Merci
93%
Keum Mec
92%
Renoi Noir
92%
Chelou Louche
91%
Tipar Parti
91%
Reuf Frère
90%
Turfu Futur
90%
Relou Lourd
90%
Chanmé Méchant
90%
Tofo Photo
89%
Reum Mère
88%
Tromé Métro
88%
Béton Tomber
88%
Turvoi Voiture
88%
Pécho Choper
86%
Méfu Fumer
86%
Chémar Marcher
86%
Ripou Pourri
86%
Cheumou Mouche
85%
Chetron Tronche
85%
Téma Mater
84%
Reusse Soeur
84%
Ketru Truc
84%
Stromae Maestro
82%
Bleta Table
82%
Iench Chien
81%
Keuf Flic
80%
Oinj Joint
78%
Golri Rigoler
76%
Noich Chinois
72%
Némo Monnaie
69%
Iep Pied
68%
Reup Père
67%
Wam Moi
61%
Beur Arabe
58%
Beuh Herbe
42%
Keuss Sec
41%
Barjo Jobard
35%
Caillere Racaille
35%
Olipe Poil
30%
Loubar Balourd
22%
Sceud Disque
17%
Aucun quiz correspondant
Distribution des résultats
% des personnes avec chaque résultat
Percentile par nombre de réponses
Votre historique - résultats
Vous n’avez pas pris ce quiz depuis la dernière actualisation